000 00843nab a2200253 u 4500
001 12913
003 HDC
007 cr bn ---aaaaa
008 210211c my dr|nes 0 may d
040 _aHDC
100 _aMonical, Connie S,
_eauthor
_911393
245 0 _aRomeesa Gold-X 100 peratus pati /
_cby Connie S Monical
260 _a[no place] :
_b[publisher not identified],
_c[no year]
336 _atext
_2rdacontent
337 _acomputer
_2rdamedia
338 _aonline resource
_2rdacarrier
650 _aBumiputera product
_99553
650 _aHealthy drink
_910937
710 _aSinar Harian
856 _zRequest full-text at [email protected]
942 _2lcc
942 _cNEWS
942 _kNWSO 002745
999 _c10229
_d10229